Statistics for Lana Del Rey - Breaking Up Slowly Lyrics

Click here to take the quiz!

General Stats

  • This quiz has been taken 16 times
    (14 since last reset)
  • The average score is 227 of 232

Answer Stats

Answer% Correct
a
100%
after
100%
always
100%
and
100%
arrested
100%
be
100%
blue
100%
Breakin'
100%
breakin'
100%
but
100%
do)
100%
do
100%
don't
100%
flowers
100%
George
100%
gone?
100%
got
100%
hard
100%
he
100%
I
100%
I'm
100%
is
100%
it
100%
It's
100%
it's
100%
like
100%
lonely
100%
long
100%
love
100%
makin'
100%
me
100%
on
100%
only
100%
right
100%
send
100%
slowly
100%
So
100%
still
100%
the
100%
thing
100%
to
100%
up
100%
Will
100%
you
100%
all
90%
along?
90%
'Cause
90%
comin'
90%
did
90%
end
90%
everyone?
90%
for
90%
good
90%
have
90%
lawn
90%
life
90%
live
90%
might
90%
my
90%
of
90%
or
90%
Or
90%
out
90%
really
90%
regret
90%
see
90%
song
90%
Tammy
90%
this
90%
wanna
90%
We
90%
with
90%
Wynette
90%
years
90%
Are
80%
(Baby
80%
none?
80%
there
80%
these
80%

Score Distribution

Percentile by Number Answered

Percent of People with Each Score

Your Score History

You have not taken this quiz since the last reset